000 04014nam0a2200433 4500
001 RU\NLR\BIBL_A\012779530
005 20220725181905.0
010 _a978-5-907555-21-1
_9500
021 _aRU
_bКН-П-22-004550
_9КН-П-22-0349
035 _a(NLR Aleph) 012779530
035 _a(RuMoRGB)010968794
090 _a13118770
_c13118770
100 _a20220505d2021 k y0rusy50 ca
101 0 _arus
_aeng
102 _aRU
_aUZ
105 _aa z 100zy
182 0 _an
200 1 _aЦифровизация: наука и образование в условиях современных вызовов
_eсборник материалов I Международной Межфилиальной научной конференции, 29 октября 2021 года
_fРоссийский экономический университет имени Г. В. Плеханова, Центр по работе с филиалами РЭУ им. Г. В. Плеханова, Совет директоров филиалов РЭУ им. Г. В. Плеханова
203 _aТекст
_bвизуальный
_cнепосредственный
210 _aТашкент
_cТашкентский филиал РЭУ
_d2021
215 _a337 с.
_cил., табл.
_d21
300 _aЗагл. обл.: I Международная Межфилиальная научная конференция "Цифровизация: наука и образование в условиях современных вызовов"
300 _aЧасть текста парал. рус., англ.
320 _aБиблиогр. в конце ст.
330 _aВ сборнике представлены доклады участников конференции, охватывающие научные, методологические и практические вопросы развития науки и национальных систем образования в современных реалиях с учетом цифровизации, определение путей и обоснование актуальных инновационных подходов к модернизации образовательных ресурсов в условиях пандемии, социальная политика и поддержка молодежи. Сборник рассчитан на специалистов в области экономики, преподавателей и молодых ученых
512 1 _aI Международная Межфилиальная научная конференция "Цифровизация: наука и образование в условиях современных вызовов"
606 1 _aОбразование
_jСъезды, совещания и т.п
_xИнформационные технологии
_92103593
_3RU\NLR\AUTH\661575610
606 1 _aНаука
_jСъезды, совещания и т.п
_xИнформационные технологии
_92404964
_3RU\NLR\AUTH\661433320
606 1 _aЭкономика
_jСъезды, совещания и т.п
_xИнформационные технологии
_92099523
_3RU\NLR\AUTH\661269945
686 1 _aЧ312.31я431
686 1 _aЧ215.3я431
686 1 _aУ.в612я431
711 1 2 _a"Цифровизация: наука и образование в условиях современных вызовов", международная межфилиальная научная конференция
_d1
_eТашкент
_f2021
_9797500
_3RU\NLR\AUTH\880565256
712 0 2 _4570
_aРоссийский экономический университет им. Г. В. Плеханова
_bЦентр по работе с филиалами
_9797506
_3RU\NLR\AUTH\880565259
942 _cBOOK
980 _aNB